Church architecture : building and renovating for Christian worship /

Bibliographic Details
Main Author: White, James F.
Other Authors: White, Susan J., 1949-
Format: Book
Language:English
Published: Nashville : Abingdon Press, [1988]
Subjects:

MARC

Tag First Indicator Second Indicator Subfields
LEADER 00000cam a2200000 a 4500
001 in00000010871
005 20151007051932.0
008 870603s1988 tnua b 00110 eng
010 |a  87014527  
020 |a 0687081432 (pbk. : alk. paper) 
035 |a (OCoLC)16084609 
035 |9 AAA5533AM 
040 |a DLC  |c DLC  |d TXA  |d UtOrBLW 
049 |a TXAM  |c [A11034831] 
050 0 0 |a NA4810  |b .W45 1988 
082 0 |a 726/.5  |2 19 
100 1 |a White, James F. 
245 1 0 |a Church architecture :  |b building and renovating for Christian worship /  |c James F. White & Susan J. White. 
264 1 |a Nashville :  |b Abingdon Press,  |c [1988] 
264 4 |c ©1988 
300 |a 176 pages :  |b illustrations ;  |c 22 cm. 
336 |a text  |b txt  |2 rdacontent 
337 |a unmediated  |b n  |2 rdamedia 
338 |a volume  |b nc  |2 rdacarrier 
504 |a Bibliography: pages 165-170. 
500 |a Includes index. 
650 0 |a Church architecture. 
650 0 |a Liturgy and architecture. 
650 0 |a Church facilities  |x Planning. 
700 1 |a White, Susan J.,  |d 1949- 
999 |a MARS 
999 f f |s 66172399-8bfb-3cf0-837b-76c10ac2cc43  |i 2e098622-521a-3cd3-b37d-dcda2bedb8f4  |t 0 
952 f f |p normal  |a Texas A&M University  |b College Station  |c Sterling C. Evans Library  |d Evans: Library Stacks  |t 0  |e NA4810 .W45 1988  |h Library of Congress classification  |i unmediated -- volume  |m A14811034831 
998 f f |a NA4810 .W45 1988  |t 0  |l Evans: Library Stacks